[Event "Uljanovsk-ch"]
[Site "Uljanovsk"]
[Date "2009.03.14"]
[Round "1"]
[White "Pirogov, Vladislav"]
[Black "Parfenov, Vladimir"]
[Result "0-1"]
[WhiteElo "1614"]
[BlackElo "2132"]
[PlyCount "86"]
[EventDate "2009.03.14"]
[EventType "swiss"]
[EventRounds "9"]
[EventCountry "RUS"]
[SourceTitle "EXT 2010"]
[Source "ChessBase"]
[SourceDate "2010.11.25"]
[SourceVersion "1"]
[SourceVersionDate "2010.11.25"]
[SourceQuality "1"]

1. d4 d5 2. Nf3 Nf6 3. c4 e6 4. Bg5 Bb4+ 5. Nc3 h6 6. Bh4 0-0 7. e3 Re8 8. Bd3 c5 9. dxc5 dxc4 10. Bxc4 Qxd1+ 11. Rxd1 Ne4 12. Bb5 Nc6 13. Rc1 e5 14. 0-0 Nxc3 15. bxc3 Bxc5 16. Rfd1 Be6 17. Bxc6 bxc6 18. Nxe5 Bxa2 19. Nxc6 a5 20. Ra1 Bb3 21. Rd2 a4 22. Bg3 Rec8 23. Nd4 Bc4 24. Nf5 Be6 25. Nd4 Bc4 26. Nf5 Bb3 27. Nd4 Bxd4 28. cxd4 a3 29. Rd3 Bd5 30. h3 a2 31. Bd6 Rc2 32. Ra3 Rxa3 33. Bxa3 f5 34. f3 Kf7 35. Kh2 Bxf3 36. Kg3 Bxg2 37. h4 Bd5 38. Kh3 g5 39. hxg5 hxg5 40. Kg3 Kg6 41. Re1 Rg2+ 42. Kh3 Be4 43. Ra1 Kh5 0-1

[Event "Uljanovsk Privolje op"]
[Site "Uljanovsk"]
[Date "2009.02.05"]
[Round "9"]
[White "Parfenov, Vladimir"]
[Black "Rodchenkov, Vitaly"]
[Result "0-1"]
[WhiteElo "2090"]
[BlackElo "2413"]
[PlyCount "110"]
[EventDate "2009.01.31"]
[EventType "swiss"]
[EventRounds "9"]
[EventCountry "RUS"]
[SourceTitle "EXT 2022"]
[Source "ChessBase"]
[SourceDate "2021.10.06"]
[SourceVersion "1"]
[SourceVersionDate "2021.10.06"]
[SourceQuality "1"]

1. e4 c5 2. f4 d5 3. e5 Nc6 4. Nf3 Bg4 5. Be2 e6 6. c3 Nge7 7. Na3 Nf5 8. Nc2 h5 9. d3 h4 10. Ne3 Nxe3 11. Bxe3 Be7 12. 0-0 Qd7 13. d4 cxd4 14. Nxd4 Bxe2 15. Qxe2 g6 16. Nf3 Kf8 17. Rfd1 Qc8 18. Qf2 Kg7 19. Rac1 b5 20. Nd4 Qb7 21. Nb3 a6 22. Bc5 Rac8 23. Bxe7 Nxe7 24. Nd4 Nf5 25. Nxf5+ gxf5 26. Rd3 Rh6 27. Rcd1 b4 28. cxb4 Qxb4 29. Rd4 Qe7 30. Ra4 Rc6 31. Ra3 Rg6 32. h3 Rh6 33. Kh2 Qc7 34. Rd2 Kh7 35. g3 hxg3+ 36. Rxg3 f6 37. exf6 Rxf6 38. Rg2 Rc4 39. Rd4 Rxd4 40. Qxd4 Rg6 41. Rxg6 Kxg6 42. a4 Qc2+ 43. Kg3 a5 44. Qe3 Qe4 45. Qg1 d4 46. Kh4+ Kf7 47. Kg5 e5 48. Qd1 Qxf4+ 49. Kh5 Qg3 50. Qf1 Qg6+ 51. Kh4 Qh6+ 52. Kg3 Qg5+ 53. Kh2 Qf4+ 54. Qxf4 exf4 55. b4 d3 0-1

[Event "Uljanovsk Privolje op"]
[Site "Uljanovsk"]
[Date "2009.02.03"]
[Round "6"]
[White "Mukhametzhanov, Marat"]
[Black "Parfenov, Vladimir"]
[Result "0-1"]
[WhiteElo "1971"]
[BlackElo "2090"]
[PlyCount "94"]
[EventDate "2009.01.31"]
[EventType "swiss"]
[EventRounds "9"]
[EventCountry "RUS"]
[SourceTitle "EXT 2022"]
[Source "ChessBase"]
[SourceDate "2021.10.06"]
[SourceVersion "1"]
[SourceVersionDate "2021.10.06"]
[SourceQuality "1"]

1. e4 e5 2. Nf3 Nc6 3. Bb5 f5 4. d3 d6 5. 0-0 Be7 6. Nc3 Nf6 7. Re1 0-0 8. d4 fxe4 9. Nxe4 Nxe4 10. Rxe4 Bf5 11. Re1 e4 12. Bxc6 bxc6 13. Nd2 d5 14. f3 Bh4 15. Rf1 Qf6 16. Nb3 Qg6 17. f4 e3 18. Bxe3 Bxc2 19. Qd2 Rae8 20. Nc5 Rf7 21. Bf2 Bf6 22. Rae1 Rfe7 23. Rxe7 Rxe7 24. Re1 Bf5 25. Rxe7 Bxe7 26. Qe1 Bd6 27. Be3 h6 28. Qh4 Kh7 29. h3 Qe8 30. Qf2 Qg6 31. g4 h5 32. Qh4 Kg8 33. Qd8+ Kf7 34. Nd7 hxg4 35. h4 Bxd7 36. Qxd7+ Be7 37. Qxc7 Qb1+ 38. Kf2 Qd1 39. Qe5 Bxh4+ 40. Kg2 Qf3+ 41. Kg1 Bf6 42. Qc7+ Kg6 43. Bf2 g3 44. f5+ Kxf5 45. Bxg3 Bxd4+ 46. Kh2 Qe2+ 47. Kh3 Qf1+ 0-1